00590 2200229 4500001002100000005001700021008004100038035002400079082001100103090001800114100002000132245004900152250001100201260003300212300002900245650001900274700001900293850001200312980001500324985000600339999001500345YOGYA-0209000005287420090227033107.0 ind  0010-020900000052874 a797.33 a797.33bPra S aPRAPTY. R, dean aSelancar angincDean Prapty R, Graeme Fuller aCet. 1 aSemarangbDahara Prizec1996 avi, 134 hlmbilusc21 cm aSelancar angin aFULLER, Graeme aYOPDYOG a10-12-2007 a1 a98P0114790